000 00345 a2200121 4500
001 ART_43079
005 20260410161629.0
008 260409a
245 1 0 _a¿Qué hay de nuevo en la gestión de costos?
100 1 _aSmolje, Alejandro R.
700 1 _aLavolpe, Antonio
773 0 _tEnfoques
_g- Nº 7 (jul. 2017)
_wREV416
999 _c12286
_d12286